| 000 | 00384nam a22001697a 4500 | ||
|---|---|---|---|
| 003 | NUST | ||
| 020 | _a074873998X | ||
| 038 | _akhadija | ||
| 082 |
_a624.171 _bGER |
||
| 245 | _aMechanics of Materials | ||
| 250 | _aFourth SI ed | ||
| 260 |
_aNew York: _bStanley Thornes: _c1999. |
||
| 300 |
_a913 p:, _b23 cm. |
||
| 500 | _apaperback. | ||
| 563 | _aPaper Binding | ||
| 942 |
_cBK _2ddc |
||
| 999 |
_c31667 _d31667 |
||